Normal view
MARC view
- نصر الله، ابراهيم؛ م.مشارك: ليلى الأطرش؛ صبحي فحماوي وأخرون؛ت قديم خالد عبد الرؤوف الجبر
Entry Personal Name
001 - CONTROL NUMBER
- control field: 49598
003 - CONTROL NUMBER IDENTIFIER
- control field: JO-AjAnu
005 - DATE AND TIME OF LATEST TRANSACTION
- control field: 20230606082154.0
008 - FIXED-LENGTH DATA ELEMENTS
- fixed length control field: 230606|| aca||aabn | a|a d
040 ## - CATALOGING SOURCE
- Original cataloging agency: JO-AjAnu
- Transcribing agency: JO-AjAnu
100 ## - HEADING--PERSONAL NAME
- Personal name: نصر الله، ابراهيم؛ م.مشارك: ليلى الأطرش؛ صبحي فحماوي وأخرون؛ت قديم خالد عبد الرؤوف الجبر
670 ## - SOURCE DATA FOUND
- Source citation: Work cat.: (JO-AjAnu)25362: نصر الله، ابراهيم؛ م.مشارك: ليلى الأطرش؛ صبحي فحماوي وأخرون؛ت قديم خالد عبد الرؤوف الجبر, author, تجارب روائية وقضايا نقدية